00479nam a2200181 a 4500001001300000003000900013005001700022008004100039020001100080082001500091100001800106245006800124260003800192300000800230500003500238505001000273650001400283nice12345678IN_TiNIC20260116011350.0050524s1963 lona grp 000 0 eng  ac193200a232.3bBRU aBrunner, Emil aMediatorb Study of the Central Doctrine of the Christian Faith aLondon bLutterworth Press c1963 a623 aincludes index and biblioraphy2 aIndex aAtonement